Languages by the word for "street" - Statistics

General Stats
  • This quiz has been taken 54 times
  • The average score is 20 of 57
Answer Stats
Hint Answer % Correct
Street English
98%
Đường phố Vietnamese
86%
Straße German
80%
Straat Dutch/Afrikaans
70%
Rue French
68%
Улица Russian (+3 more)
68%
شارع Arabic
66%
Δρόμος Greek
66%
Chinese
64%
רְחוֹב Hebrew
61%
通り Japanese
61%
거리 Korean
59%
Via Italian/Latin
57%
ถนน Thai
57%
सड़क Hindi
55%
Calle Spanish
55%
خیابان Farsi
50%
Stradă Romanian
50%
փողոց Armenian
41%
Rua Portuguese
41%
Вул Ukrainian/Belarusian
41%
ქუჩა Georgian
39%
Ulica Polish (+4 more)
39%
Tänav Estonian
36%
ጎዳና Amharic
34%
Ulice Czech
34%
လမ်း Burmese
30%
ផ្លូវ Khmer
30%
گلی Urdu
30%
Gate Norwegian
27%
גאַס Yiddish
27%
ຖະຫນົນ Lao
25%
ਗਲੀ Punjabi
25%
වීදිය Sinhala
25%
Rrugë Albanian
20%
Götu Icelandic
20%
Gata Swedish
20%
Gade Danish
18%
ཁྲོམ་ལམ Dzongkha
18%
Katu Finnish
18%
Carrer Catalan
16%
Gatvėje Lithuanian
16%
Strooss Luxembourgish
16%
Utca Hungarian
11%
Sráide Irish
11%
Көчө Kyrgyz
11%
Jalan Malay/Indonesian
11%
Sokak Turkish
11%
Iela Latvian
9%
Triq Maltese
9%
Kalye Tagalog
7%
Umgwaqo Zulu
5%
શેરી Gujarati
2%
Alanui Hawaiian
2%
Mitaani Swahili
2%
Ko'cha Uzbek
0%
Opopona Yoruba
0%
No matching quizzes found
Score Distribution
Percent of People with Each Score
Percentile by Number Answered
Your Score History
You have not taken this quiz